000 00257nam a2200097Ia 4500
001 1250268
005 20251031150853.0
008 251031s9999 xx 000 0 und d
245 0 _cAHMET ÜMİT
_aA-4 BİR SES BÖLER GECEYİ
260 _bYAPI KREDİ YAYINLARI
999 _c1250268
_d1250268